MM Průmyslové spektrum

Vývoj v oblasti strojárstva a technológií. Je určený pre stredný a vyšší manažment, dizajnérov a technológov, dovozcov a vývozcov, pracovníkov výskumu a vývoja, učiteľov a študentov.

Na minha lista:
Detalhes bibliográficos
Formato: Periódico
Idioma:tcheco
Publicado em: Praha MM Publishing
Assuntos:
Tags: Adicionar Tag
Sem tags, seja o primeiro a adicionar uma tag!

MARC

LEADER 00000nas1a2200000 4500
001 0311968
005 20260311101654.9
022 |a 1212-2572 
041 0 |a cze 
044 |a CZ 
245 1 0 |a MM Průmyslové spektrum 
264 1 |a Praha  |b MM Publishing 
520 |a Vývoj v oblasti strojárstva a technológií. Je určený pre stredný a vyšší manažment, dizajnérov a technológov, dovozcov a vývozcov, pracovníkov výskumu a vývoja, učiteľov a študentov. 
610 2 0 |a priemysel 
610 2 0 |a ekonomika 
610 2 0 |a riadenie podnikové 
610 2 0 |a vývoj hospodársky 
610 2 0 |a technológie nové